000 00516nam a2200193Ia 4500
008 240510s9999 xx 000 0 und d
020 _a0003540673822
041 _aEng
082 _a006.331
082 _bK55
100 _aTerano, T (et-al)(eds.)
245 0 _aKnowledge discovery and data mining :Lecture notes in artificial intelligence:Proceedings
260 _bSpringer: Tokyo
260 _c2000
300 _a460 p.
650 _aknowledge discovery : data mining :
942 _2ddc
942 _cRBK
999 _c27702
_d27702
945 _a1
_bMadushi Gamage
_c1
_dMadushi Gamage